Compiler optimizations for scalable parallel systems : Languages, compilation techniques, and run time systems

Guardado en:
Detalles Bibliográficos
Formato: Sách
Lenguaje:Undetermined
Publicado:  Springer  2001
Materias:
Etiquetas: Agregar Etiqueta
Sin Etiquetas, Sea el primero en etiquetar este registro!
Thư viện lưu trữ: Trung tâm Thư viện - Trường Đại học Công nghiệp TP. Hồ Chí Minh
LEADER 00573nam a2200133Ia 4500
001 UIH_06501
008 231011s9999 xx 000 0 und d
082 |a  005.453 
245 0 |a  Compiler optimizations for scalable parallel systems : Languages, compilation techniques, and run time systems 
260 |b  Springer 
260 |c  2001 
650 |a  Trình biên dịch (Chương trình máy tính); Xử lý song song (Máy tính điện tử);  
927 |a Sách 
980 |a Trung tâm Thư viện - Trường Đại học Công nghiệp TP. Hồ Chí Minh